| 000 | 01394cad a22002415a 4500 | ||
|---|---|---|---|
| 001 | L141654 | ||
| 008 | 071210s2007 xxkad f s 000 0 eng d | ||
| 020 | _a9781845193587 | ||
| 035 | _a(Sirsi) u141654 | ||
| 041 | 0 | _aeng | |
| 050 | 0 | 4 | _a333.337 $2 18 |
| 110 | 2 |
_aInvestment Property Databank _92288 |
|
| 245 | 0 | 0 |
_aValuation and sale price report 2007 _h[electronic resource] |
| 260 |
_aLondon _bIPD _c2007 |
||
| 505 | 2 | _aExecutive Summary -- Introduction -- Methodology -- How much do sale prices differ from valuations? -- What about property type and location? -- Appendix 1 Sample 2006 -- Appendix 2 Valuation and sale price statistics | |
| 520 | _aExamines the reasons for, and scale of, variations between sale prices and valuations for UK commercial property. Finds there was average price difference of 10.9% between sale prices and the pre-sale valuation in 2007. This is consistent with survey findings from the past twenty four years. 63.8% of sales were transacted at prices within a plus or minus 10% of the previous valuation and 88.5% at prices within plus or minus 20%. The other results tended to be higher sale values. | ||
| 590 | _aKA | ||
| 651 | 4 |
_aUnited Kingdom _y |
|
| 690 | _aPROPERTY-PROPERTY VALUATION AND APPRAISAL- VALUATION ACCURACY | ||
| 710 | 1 |
_aRoyal Institution of Chartered Surveyors _94900 |
|
| 856 | 4 | 0 | _aPDF lost. Not in archive. |
| 942 | _n0 | ||
| 999 |
_c107727 _d107727 |
||